The Ultimate Flag Quiz but Randomized! - Statistics

General Stats
  • This quiz has been taken 6,893 times
  • The average score is 37 of 50
Answer Stats
Picture Answer % Correct
Brazil
93%
North Korea
93%
India
92%
Israel
92%
Russia
92%
Ukraine
92%
United States of America
92%
China
91%
Croatia
91%
Egypt
91%
Ireland
91%
Switzerland
91%
Australia
90%
Cuba
90%
Czech Republic
90%
Germany
90%
Japan
90%
Lebanon
90%
Saint Martin
90%
Spain
90%
Sweden
90%
Turkey
90%
United Kingdom
90%
Uruguay
90%
Argentina
89%
Estonia
89%
France
89%
Iran
89%
Malaysia
89%
Mexico
89%
Norway
89%
Pakistan
89%
South Korea
89%
United States Minor Outlying Islands
89%
Vatican City
89%
Austria
88%
Bangladesh
88%
Greece
88%
Heard and McDonald Islands
88%
Ivory Coast
88%
Netherlands
88%
New Zealand
88%
Nigeria
88%
North Macedonia
88%
Saudi Arabia
88%
Slovakia
88%
Svalbard and Jan Mayen
88%
Belgium
87%
Canada
87%
Chile
87%
Georgia
87%
Nepal
87%
Philippines
87%
Qatar
87%
Romania
87%
Seychelles
87%
Thailand
87%
Wales
87%
Bosnia and Herzegovina
86%
Bouvet Island
86%
Cyprus
86%
Denmark
86%
Finland
86%
Hungary
86%
Indonesia
86%
Iraq
86%
Italy
86%
Jamaica
86%
Palau
86%
Poland
86%
Portugal
86%
Scotland
86%
Slovenia
86%
Sri Lanka
86%
Syria
86%
Taiwan
86%
Uganda
86%
Vietnam
86%
Angola
85%
Barbados
85%
Bulgaria
85%
Iceland
85%
Kyrgyzstan
85%
Laos
85%
Luxembourg
85%
Monaco
85%
Morocco
85%
Serbia
85%
South Africa
85%
Bahamas
84%
Bahrain
84%
Belarus
84%
Bhutan
84%
Brunei
84%
Cambodia
84%
Costa Rica
84%
England
84%
Haiti
84%
Honduras
84%
Kazakhstan
84%
Moldova
84%
Panama
84%
Papua New Guinea
84%
Uzbekistan
84%
Venezuela
84%
Colombia
83%
Democratic Republic of the Congo
83%
Latvia
83%
Mongolia
83%
Montenegro
83%
Niger
83%
Peru
83%
Singapore
83%
Somalia
83%
Afghanistan
82%
Albania
82%
Algeria
82%
Andorra
82%
Chad
82%
Eswatini
82%
Ghana
82%
Hong Kong
82%
Kiribati
82%
Malta
82%
Mozambique
82%
Paraguay
82%
Tajikistan
82%
Turkmenistan
82%
Yemen
82%
Zambia
82%
Armenia
81%
Azerbaijan
81%
Botswana
81%
Ecuador
81%
Ethiopia
81%
Fiji
81%
Jordan
81%
Kosovo
81%
Liberia
81%
Malawi
81%
Oman
81%
San Marino
81%
Senegal
81%
Tonga
81%
Tunisia
81%
United Arab Emirates
81%
Dominican Republic
80%
Kenya
80%
Libya
80%
Liechtenstein
80%
Lithuania
80%
Myanmar
80%
Saint Lucia
80%
Tanzania
80%
Antigua and Barbuda
79%
Lesotho
79%
Maldives
79%
Samoa
79%
Trinidad and Tobago
79%
Grenada
78%
Nauru
78%
Nicaragua
78%
Saint Vincent and the Grenadines
78%
Belize
77%
Burkina Faso
77%
Djibouti
77%
Guatemala
77%
Sao Tome & Príncipe
77%
Togo
77%
Comoros
76%
Eritrea
76%
Mali
76%
Mauritania
76%
Suriname
76%
Cameroon
75%
El Salvador
75%
Puerto Rico
75%
Zimbabwe
75%
Central African Republic
74%
Gabon
74%
Kuwait
74%
Mauritius
74%
Tuvalu
74%
Guyana
73%
Timor-Leste
73%
Vanuatu
73%
Antarctica
72%
Burundi
72%
Dominica
72%
Federated States of Micronesia
72%
Gambia
72%
Guinea
72%
Guinea-Bissau
72%
Isle of Man
72%
Madagascar
72%
Greenland
71%
Marshall Islands
71%
Namibia
71%
Republic of the Congo
71%
Equatorial Guinea
70%
Rwanda
70%
Benin
69%
Mayotte
69%
Sudan
69%
Bolivia
68%
Cape Verde
68%
Sierra Leone
68%
Palestine
67%
Saint Kitts and Nevis
67%
South Sudan
67%
Solomon Islands
66%
Faroe Islands
64%
Gibraltar
64%
Guam
64%
Macau
58%
Christmas Island
53%
United States Virgin Islands
51%
Western Sahara
51%
Jersey
50%
American Samoa
47%
Northern Ireland
47%
French Polynesia
46%
Cook Islands
45%
Guernsey
45%
Åland Islands
44%
Bermuda
42%
New Caledonia
42%
Aruba
41%
Falkland Islands
40%
Niue
39%
Norfolk Island
39%
Anguilla
38%
British Virgin Islands
38%
French Guiana
38%
Guadeloupe
37%
Martinique
36%
Northern Mariana Islands
36%
Curaçao
34%
Tokelau
34%
Caribbean Netherlands
32%
British Indian Ocean Territory
31%
Montserrat
31%
Réunion
31%
Cocos Islands
30%
Cayman Islands
29%
Saint Pierre and Miquelon
29%
Wallis and Futuna
29%
Sint Maarten
27%
Saint Helena, Ascension and Tristan da Cunha
26%
Turks and Caicos Islands
26%
Pitcairn Islands
25%
Saint Barthélemy
23%
French Southern and Antarctic Lands
22%
South Georgia
22%
No matching quizzes found
Score Distribution
Percent of People with Each Score
Percentile by Number Answered
Your Score History
You have not taken this quiz